| 000 | 01011nam a2200217 u 4500 | ||
|---|---|---|---|
| 001 | 000753115 | ||
| 003 | AM-YeHGA | ||
| 005 | 20250617143623.0 | ||
| 008 | 100727s1984 ||| r 000 0 rus d | ||
| 040 | _aAM-YeHGA | ||
| 041 | 1 |
_arus _hest |
|
| 100 | 1 | _aБээкман, Владимир Эугенович | |
| 245 | 1 | 0 |
_aКоридор : _bРоман в письмах. [Пер. с эст. авт.] / _cВладимир Бээкман. |
| 260 |
_aТаллинн : _bЭэсти раамат, _c1984. |
||
| 300 | _a287 с. | ||
| 653 | 0 | _aГермания во Второй мировой войне 1939-1945 гг. (х. л.) | |
| 653 | 0 | _aНемецко-фашистская оккупация в период Второй мировой войны 1939-1945 гг. - Польша (х. л.) | |
| 653 | 0 | _aНемцы эстонские - История, 1939 (х. л.) | |
| 653 | 0 | _aПеремещенные лица во Второй мировой войне 1939-1945 гг. (х. л.) | |
| 090 | _c280054 | ||
| 999 |
_c278402 _d278402 |
||